Babalian
| Main Author: | |
|---|---|
| Format: | Book |
| Published: |
Kuala Lumpur :
DBP ,
1991
|
| Series: | Novel remaja
|
| Subjects: |
MARC
| LEADER | 00000cam a2200000 7i4500 | ||
|---|---|---|---|
| 001 | 0000007661 | ||
| 002 | 000008230 | ||
| 005 | 20020112.0 | ||
| 020 | |a 983622078X | ||
| 090 | 0 | 0 | |a F |b ROS |
| 100 | 0 | |a Rosnani Sablee | |
| 245 | 1 | 0 | |a Babalian |c Rosnani Sablee |
| 260 | |a Kuala Lumpur : |b DBP , |c 1991 | ||
| 300 | |a 165p. ; |c 18cm. | ||
| 490 | 0 | |a Novel remaja | |
| 650 | 0 | 0 | |a Malay fiction |
| 999 | |a 055199 |b BUKU |c FICTION |e PERPUSTAKAAN KOMUNITI CAW KOTA DAMANSARA | ||